000 00571nam a2200217Ia 4500
003 OSt
005 20250724194645.0
008 210423s1963 xx 000 0 und d
040 _cAL
041 _aEnglish
082 _a100
_bCOPH
100 _aFrederick Copleston
_9122338
245 _aHistroy of philosophy: greece and rome part 11
260 _bState Resource Centre
_c1963
300 _a310p.
_bPB
_c18x10.5cm.
365 _cINR
440 _v4
650 _aPhilosophy
_9122339
906 _a11. ; greece ; Histroy ; philosophy: ; rome
942 _2ddc
_cBK
999 _c173938
_d173938